2010's Movie by Screenshot #4 - Statistics

General Stats
  • This quiz has been taken 269 times
  • The average score is 9 of 20
Answer Stats
Picture Answer % Correct
Inside Out
91%
How to Train Your Dragon
89%
Shazam!
79%
Ready Player One
71%
Django Unchained
66%
Now You See Me
65%
Kingsman: The Secret Service
63%
Jojo Rabbit
60%
Inception
55%
The Imitation Game
47%
Silver Linings Playbook
37%
The King's Speech
31%
The Nice Guys
30%
Sound of Metal
28%
Midnight in Paris
23%
The Big Short
23%
Warrior
17%
Inside Llewyn Davis
13%
Take Shelter
6%
Mood Indigo
2%
No matching quizzes found
Score Distribution
Percent of People with Each Score
Percentile by Number Answered
Your Score History
You have not taken this quiz